| 000 -LEADER |
| fixed length control field |
01167nam a22001937a 4500 |
| 003 - CONTROL NUMBER IDENTIFIER |
| control field |
OSt |
| 005 - DATE AND TIME OF LATEST TRANSACTION |
| control field |
20260122194235.0 |
| 008 - FIXED-LENGTH DATA ELEMENTS--GENERAL INFORMATION |
| fixed length control field |
230308b ||||| |||| 00| 0 eng d |
| 040 ## - CATALOGING SOURCE |
| Transcribing agency |
Ost |
| 041 ## - LANGUAGE CODE |
| Language code of text/sound track or separate title |
Shan |
| 082 ## - DEWEY DECIMAL CLASSIFICATION NUMBER |
| Classification number |
294.365 |
| 245 ## - TITLE STATEMENT |
| Title |
ပပ်ႉလိၵ်ႈမၢႆမီဢုပတ်ေပၺတ်ၶျတ်မုၵ်ႉၸုံးယုၵ်ႉသုင်ၽႆပတိပတ်တိုၵ်ၵံမထၼ်း (မူလ) မိၼ်းၵုၼ်းၸ်ေတဝုၼ်သႃသၼႃမၼ်ဢွင် |
| Statement of responsibility, etc. |
(မူလ) မိၼ်းၵုၼ်းထံမႃၸရိယတြႃးပြသြႃႇၸိုင်ႈတႆး |
| 300 ## - PHYSICAL DESCRIPTION |
| Extent |
110 ၼႃႈ |
| Dimensions |
19 ၸိၼ်ႇထီႇ |
| 500 ## - GENERAL NOTE |
| General note |
S-SAT: Dr. Prof Sai Aung Tun |
|
| General note |
ပပ်ႉၸဝ်ႈတႃႇၼႁၢင်းၶေႃ တွၵ်ႉတိူဝ်ႉၸၢႆးဢွင်ႇထုၼ်း။ တႅမ်ႈလိၵ်ႈတႆးလိၵ်ႈမၢၼ်ႈၸွမ်းၵၼ် |
| 650 ## - SUBJECT ADDED ENTRY--TOPICAL TERM |
| Topical term or geographic name entry element |
မုၵ်ႉၸုမ်း (ၵိူင်း)-ပုတ်ႉထၽႃႇသႃႇ |
| 942 ## - ADDED ENTRY ELEMENTS (KOHA) |
| Koha item type |
Book (Short term) |
| 650 ## - SUBJECT ADDED ENTRY--TOPICAL TERM |
| 9 (RLIN) |
21719 |
|
| Source of classification or shelving scheme |
|